[Event "Leiden SB-ch 1819"]
[Site "Leiden"]
[Date "2018.12.07"]
[Round "3"]
[White "Ypma, Jord"]
[Black "Van Drunick, Jan Willem"]
[Result "1-0"]
[WhiteElo "1697"]
[BlackElo "1943"]
[PlyCount "75"]
[EventDate "2018.10.19"]
[EventType "swiss"]
[EventRounds "9"]
[EventCountry "NED"]
[SourceTitle "EXT 2023"]
[Source "ChessBase"]
[SourceDate "2022.10.05"]
[SourceVersion "1"]
[SourceVersionDate "2022.10.05"]
[SourceQuality "1"]

1. d4 d5 2. Bf4 Nf6 3. e3 c5 4. Nf3 e6 5. c3 Nc6 6. Nbd2 Bd6 7. Bg3 0-0 8. Bd3 b6 9. e4 Be7 10. e5 Nh5 11. Ng5 Bxg5 12. Qxh5 g6 13. Qe2 cxd4 14. h4 Bxd2+ 15. Qxd2 f5 16. exf6 Qxf6 17. h5 dxc3 18. bxc3 g5 19. h6 Ne5 20. Rh5 Kh8 21. Kf1 Nf7 22. Re1 e5 23. c4 Bg4 24. Rh1 e4 25. Bc2 dxc4 26. Bxe4 Rad8 27. Qc2 Rfe8 28. f3 Bc8 29. Bxh7 Ba6 30. Bg6 c3+ 31. Kg1 Rxe1+ 32. Bxe1 Qd4+ 33. Kh2 Qf4+ 34. g3 Qe3 35. Qxc3+ Qxc3 36. Bxc3+ Kg8 37. h7+ Kf8 38. Bxf7 1-0

[Event "Leiden SB-ch 1819"]
[Site "Leiden"]
[Date "2018.10.19"]
[Round "1"]
[White "Vogt, Andreas"]
[Black "Van Drunick, Jan Willem"]
[Result "1-0"]
[WhiteElo "2144"]
[BlackElo "1943"]
[PlyCount "47"]
[EventDate "2018.10.19"]
[EventType "swiss"]
[EventRounds "9"]
[EventCountry "NED"]
[SourceTitle "EXT 2023"]
[Source "ChessBase"]
[SourceDate "2022.10.05"]
[SourceVersion "1"]
[SourceVersionDate "2022.10.05"]
[SourceQuality "1"]

1. d4 d5 2. c4 c6 3. Nf3 Nf6 4. Nc3 dxc4 5. a4 Bf5 6. e3 e6 7. Bxc4 Bb4 8. 0-0 Nbd7 9. Qe2 Bg6 10. e4 0-0 11. Bd3 Bh5 12. e5 Nd5 13. Nxd5 cxd5 14. Qe3 Be7 15. Bd2 Rc8 16. a5 a6 17. Ne1 Bg6 18. Bxg6 hxg6 19. f4 Rc6 20. Nf3 f5 21. exf6 gxf6 22. Rac1 Qc8 23. Rxc6 Qxc6 24. Rc1 1-0

[Event "Leiden SB-chA"]
[Site "Leiden"]
[Date "2015.06.30"]
[Round "7"]
[White "Sikkel, Dirk"]
[Black "Van Drunick, Jan Willem"]
[Result "1/2-1/2"]
[WhiteElo "1905"]
[BlackElo "1919"]
[PlyCount "46"]
[EventDate "2015.05.19"]
[EventType "swiss"]
[EventRounds "7"]
[EventCountry "NED"]
[SourceTitle "EXT 2018"]
[Source "ChessBase"]
[SourceDate "2017.10.13"]
[SourceVersion "1"]
[SourceVersionDate "2017.10.13"]
[SourceQuality "1"]

1. e4 e6 2. d4 d5 3. Nd2 c5 4. exd5 Qxd5 5. Ngf3 cxd4 6. Bc4 Qd6 7. 0-0 Nf6 8. Nb3 Nc6 9. Nbxd4 Nxd4 10. Nxd4 Be7 11. c3 0-0 12. Qe2 a6 13. Bd3 Qc7 14. Bg5 h6 15. Bh4 Bd7 16. Bg3 Bd6 17. Rad1 Bxg3 18. hxg3 Rfe8 19. Bb1 Rad8 20. Rfe1 Bc8 21. Nf3 Rxd1 22. Rxd1 Rd8 23. Rxd8+ Qxd8 1/2-1/2

[Event "Leiden SB-chA"]
[Site "Leiden"]
[Date "2015.05.19"]
[Round "1"]
[White "Van Drunick, Jan Willem"]
[Black "Fritschy, Frits"]
[Result "1-0"]
[WhiteElo "1919"]
[BlackElo "2098"]
[PlyCount "85"]
[EventDate "2015.05.19"]
[EventType "swiss"]
[EventRounds "7"]
[EventCountry "NED"]
[SourceTitle "EXT 2018"]
[Source "ChessBase"]
[SourceDate "2017.10.13"]
[SourceVersion "1"]
[SourceVersionDate "2017.10.13"]
[SourceQuality "1"]

1. d4 Nf6 2. c4 g6 3. Nc3 Bg7 4. e4 d6 5. Nf3 Bg4 6. Be3 0-0 7. Be2 e5 8. d5 Ne8 9. Nd2 Bxe2 10. Qxe2 Nd7 11. 0-0 f5 12. f3 f4 13. Bf2 Rf7 14. b4 Bf8 15. Nb3 b6 16. c5 h5 17. cxd6 Bxd6 18. a3 a6 19. g3 Qf6 20. Nd2 g5 21. Kg2 Qg6 22. h3 fxg3 23. Bxg3 Nef6 24. Nc4 Raf8 25. Ne3 a5 26. bxa5 bxa5 27. Nf5 Nc5 28. Rae1 a4 29. Qc2 g4 30. hxg4 hxg4 31. f4 Nfxe4 32. Nh4 Qh5 33. Nxe4 exf4 34. Nxd6 Qxd5+ 35. Ne4 fxg3 36. Rxf7 Rxf7 37. Qxc5 Qa2+ 38. Kxg3 Qe6 39. Qg5+ Kf8 40. Qc5+ Kg7 41. Qg5+ Kf8 42. Ng6+ Ke8 43. Nd6+ 1-0

[Event "Leiden SB-ch"]
[Site "Leiden"]
[Date "2011.06.21"]
[Round "6"]
[White "Van den Berg, Ad"]
[Black "Van Drunick, Jan Willem"]
[Result "1-0"]
[WhiteElo "2245"]
[BlackElo "1945"]
[PlyCount "85"]
[EventDate "2011.05.17"]
[EventType "swiss"]
[EventRounds "7"]
[EventCountry "NED"]
[SourceTitle "EXT 2012"]
[Source "ChessBase"]
[SourceDate "2011.11.24"]
[SourceVersion "1"]
[SourceVersionDate "2011.11.24"]
[SourceQuality "1"]

1. e4 e5 2. Nc3 Nf6 3. Bc4 Nc6 4. d3 Bb4 5. Nf3 0-0 6. 0-0 h6 7. Nd5 Be7 8. Nxe7+ Qxe7 9. Nh4 d5 10. exd5 Nxd5 11. Ng6 fxg6 12. Bxd5+ Be6 13. Bxc6 bxc6 14. Qe2 Bf5 15. Re1 Rae8 16. f3 Qd6 17. Be3 a5 18. a4 Rb8 19. b3 Rfe8 20. Qf2 g5 21. Bd2 Qd5 22. h3 Rf8 23. Bc3 Rbe8 24. Qa7 Bxh3 25. Qxa5 c5 26. Qxc7 Rxf3 27. Re4 Rf7 28. Qb6 Rf6 29. Qb5 Bd7 30. Qc4 Qxc4 31. Rxc4 Rf4 32. Rxc5 e4 33. Be5 Rg4 34. d4 h5 35. a5 h4 36. a6 h3 37. g3 Rxe5 38. dxe5 Rxg3+ 39. Kh1 Bg4 40. a7 Bf3+ 41. Kh2 Rg2+ 42. Kxh3 g4+ 43. Kh4 1-0

[Event "Leiden SB-ch"]
[Site "Leiden"]
[Date "2010.06.15"]
[Round "5"]
[White "Van Drunick, Jan Willem"]
[Black "Frijling, Jeroen"]
[Result "1-0"]
[WhiteElo "1976"]
[BlackElo "1784"]
[PlyCount "117"]
[EventDate "2010.05.18"]
[EventType "swiss"]
[EventRounds "7"]
[EventCountry "NED"]
[SourceTitle "EXT 2012"]
[Source "ChessBase"]
[SourceDate "2011.11.24"]
[SourceVersion "1"]
[SourceVersionDate "2011.11.24"]
[SourceQuality "1"]

1. d4 Nf6 2. c4 c6 3. Nf3 d5 4. Nc3 dxc4 5. e4 b5 6. e5 Nd5 7. a4 b4 8. Nb1 e6 9. Bxc4 Nd7 10. 0-0 N7b6 11. Bd3 a5 12. Ng5 Be7 13. Qh5 g6 14. Qg4 Ba6 15. Bxa6 Rxa6 16. Qe2 Ra7 17. Nf3 0-0 18. Bh6 Re8 19. Nbd2 Bf8 20. Bg5 Be7 21. Ne4 Bxg5 22. Nexg5 Qe7 23. Ne4 Nd7 24. Rac1 Rc8 25. g3 Rcc7 26. Qd2 f5 27. exf6 N7xf6 28. Nc5 Qe8 29. Rfe1 Re7 30. Re2 Nd7 31. Nxd7 Rexd7 32. Rxc6 Re7 33. Ne5 Rec7 34. Rxc7 Rxc7 35. Nd3 Qxa4 36. Nc5 Qb5 37. Rxe6 Re7 38. Qe1 Qe8 39. Qe5 Rxe6 40. Nxe6 Qd7 41. Nc5 Qf5 42. Qxf5 gxf5 43. Kf1 Nb6 44. b3 Kf7 45. Ke2 Ke7 46. Kd3 Kf6 47. Nb7 a4 48. bxa4 Nxa4 49. Nc5 Nb6 50. Na6 Nd5 51. Kc4 Nc3 52. Nxb4 Ne4 53. d5 Nxf2 54. Kc5 Ke7 55. Nc6+ Kd7 56. Ne5+ Kc8 57. Kd6 Ne4+ 58. Kc6 Nc3 59. d6 1-0

[Event "Leiden SB-ch"]
[Site "Leiden"]
[Date "2010.06.08"]
[Round "4"]
[White "Zuijdendorp, Milko"]
[Black "Van Drunick, Jan Willem"]
[Result "0-1"]
[WhiteElo "1585"]
[BlackElo "1976"]
[PlyCount "30"]
[EventDate "2010.05.18"]
[EventType "swiss"]
[EventRounds "7"]
[EventCountry "NED"]
[SourceTitle "EXT 2012"]
[Source "ChessBase"]
[SourceDate "2011.11.24"]
[SourceVersion "1"]
[SourceVersionDate "2011.11.24"]
[SourceQuality "1"]

1. d4 d5 2. c4 Nc6 3. Nf3 Bg4 4. e3 e5 5. Be2 exd4 6. Nxd4 Bxe2 7. Qxe2 Nf6 8. Nc3 Bb4 9. 0-0 0-0 10. Nxc6 bxc6 11. Rd1 Re8 12. cxd5 cxd5 13. Nxd5 Nxd5 14. Qc4 Nb6 15. Rxd8 Nxc4 0-1

[Event "Leiden SB-ch"]
[Site "Leiden"]
[Date "2009.06.02"]
[Round "3"]
[White "Straver, Robert"]
[Black "Van Drunick, Jan Willem"]
[Result "1/2-1/2"]
[WhiteElo "2184"]
[BlackElo "1919"]
[PlyCount "49"]
[EventDate "2009.05.19"]
[EventType "swiss"]
[EventRounds "7"]
[EventCountry "NED"]
[SourceTitle "EXT 2012"]
[Source "ChessBase"]
[SourceDate "2011.11.24"]
[SourceVersion "1"]
[SourceVersionDate "2011.11.24"]
[SourceQuality "1"]

1. d4 d5 2. c4 c6 3. Nf3 Nf6 4. Qc2 g6 5. cxd5 cxd5 6. Bf4 Nc6 7. e3 Bg7 8. Bb5 Bd7 9. 0-0 0-0 10. Nc3 Rc8 11. Rac1 a6 12. Bxc6 Bxc6 13. Qb3 e6 14. h3 Nd7 15. Rc2 Re8 16. Rfc1 e5 17. dxe5 Nc5 18. Qa3 Nd3 19. Rd1 Bf8 20. Qb3 Nc5 21. Qb4 Ne6 22. Qb3 Nc5 23. Bg5 Qa5 24. Qa3 Na4 25. Qb3 1/2-1/2